| 000 | 00538nam a2200205 a 4500 | ||
|---|---|---|---|
| 999 |
_c4576 _d4576 |
||
| 001 | 4576 | ||
| 003 | BD-JhCC | ||
| 005 | 20171128183621.0 | ||
| 008 | 171128s1975 ru |||| |||| 000 0 eng d | ||
| 035 | _a(BD-JhCC) | ||
| 040 |
_aBD-JhCC _dBD-JhCC |
||
| 041 | _aeng | ||
| 082 |
_a910 _bGRE 1975 |
||
| 100 | _aGregory, J. S. | ||
| 245 |
_aThe Geography of the U. S. S. R an Introductory Survey / _cJ. S. Gregory |
||
| 260 |
_aMoscow: _bNovosti Press Publishing; _c1975 |
||
| 300 |
_a143 p.; _c22 cm |
||
| 650 | _aGeography | ||
| 942 |
_2ddc _cBK |
||